000 00910nam a2200217 a 4500
999 _c4207
_d4207
005 20180322154436.0
008 140314b2004 ck ||||| |||| 00| 0 spa d
040 _aCO-BoIAVH
_cCO-BoIAVH
041 _aspa
044 _ack
090 _aFG-
_b0267
110 2 _bColombia.
_aDepartamento Nacional de Planeación DNP
245 1 0 _aLineamientos para promover la participación privada en la prestación de servicios ecoturísticos en el Sistema de Parques Nacionales Naturales - SPNN
_bDocumento Conpes 3296
260 _aBogotá:
_bDepartamento Nacional de Planeación DNP,
_c2004
300 _a22 páginas,
710 1 _aMinisterio de Ambiente, Vivienda y Desarrollo Territorial
710 1 _aUnidad Administrativa Especial del Sistema de Parques Nacionales Naturales
710 1 _aMinisterio de Comercio, Industria y Turismo
942 _cFolleto
_2z
945 _d2004-10-14